| 000 | 00436nam a22001097a 4500 | ||
|---|---|---|---|
| 008 | 110627t xxu||||| |||| 00| 0 eng d | ||
| 010 | _aHCAACF133 | ||
| 245 | _aHigh Court Administration Cause No. 83 OF 1970 In The Matter of Erenesiti Keresipo Kizito (deceased) | ||
| 260 | _c1970 | ||
| 500 | _aBefore: The Honourable Mr. Justice Youds | ||
| 999 |
_c3999 _d3999 |
||